Religion A-Z #3 - Statistics

General Stats
  • This quiz has been taken 29 times
  • The average score is 18 of 26
Answer Stats
Hint Answer % Correct
E) Powerful ancient empire with pharaohs and pryamids Egypt
100%
I) Major world religion centering on Muhammads teachings Islam
100%
J) The Crusades main goal was to capture this holy city Jerusalem
96%
K) Hindu belief of "what goes around comes around" Karma
96%
M) Holiest city of Islam Mecca
96%
D) He defeated the giant Goliath David
93%
H) Greek God of the Underworld Hades
93%
L) In Catholicism, its 40 days of fasting celebrated after Ash Wednesday until Easter Lent
93%
V) Center of the Catholic church and home of the Pope Vatican City
93%
Z) Supreme Greek god who lives on Olympus Zeus
93%
A) Jesus had 12 of these men Apostle
89%
B) Ancient Biblical city with hanging gardens Babylon
89%
R) The ordained leader of a Jewish synagogue Rabbi
89%
T) Chinese religion founded by Lao Tzu Taoism
89%
G) Holiest river in India Ganges
82%
F) A member of the Catholic church, dress similarly to a monk, who lives a community based lifestyle Friar
57%
C) Protestant religion in which Gods predestinationis center point Calvinism
54%
Y) Hebrew word for God Yahweh
46%
O) Also known as the Hebrew Bible of 24 books Old Testament
43%
W) Pagan religion based on nature and seasonal cycles Wicca
43%
Q) Aztec serpent God who created the world Quetzalcoatl
39%
S) Catholics have seven of these holy acts Sacrament
39%
P) Martin Luther nailed 95 Theses in this religious movement Protestant Reformation
25%
N) Important Christian doctrine declaring Jesus as the onlybegotten Son of God Nicene Creed
14%
U) The belief that all people will be saved Universalism
14%
X) Aztec god of Venus and fire Xocotl
0%
No matching quizzes found
Score Distribution
Percent of People with Each Score
Percentile by Number Answered
Your Score History
You have not taken this quiz